[Event "Mallorca-ch Primera"]
[Site "Palma"]
[Date "2017.12.03"]
[Round "2.9"]
[White "Oliver Jaume, Fernando"]
[Black "Baldo Company, Jordi"]
[Result "0-1"]
[WhiteElo "1761"]
[BlackElo "1709"]
[PlyCount "45"]
[EventDate "2017.12.02"]
[EventType "swiss"]
[EventRounds "6"]
[EventCountry "ESP"]
[SourceTitle "EXT 2024"]
[Source "ChessBase"]
[SourceDate "2023.10.10"]
[SourceVersion "1"]
[SourceVersionDate "2023.10.10"]
[SourceQuality "1"]

1. e4 c5 2. Nf3 d6 3. d4 cxd4 4. Nxd4 Nf6 5. Nc3 g6 6. Be3 Bg7 7. Be2 Nc6 8. Qd2 0-0 9. 0-0-0 Bd7 10. Bh6 Nxd4 11. Bxg7 Nxe2+ 12. Qxe2 Kxg7 13. e5 dxe5 14. Qxe5 Kg8 15. f3 Rc8 16. g4 Qb6 17. g5 Rc5 18. Qxe7 Rxg5 19. Rxd7 Rg1+ 20. Rd1 Rxh1 21. Rxh1 Re8 22. Qa3 Qe3+ 23. Kb1 0-1

[Event "Mallorca-chT Preferente"]
[Site "Mallorca"]
[Date "2016.03.17"]
[Round "8.5"]
[White "Oliver Jaume, Fernando"]
[Black "Ribas Castells, Jordi"]
[Result "1-0"]
[WhiteElo "1800"]
[BlackElo "1860"]
[PlyCount "47"]
[EventDate "2016.03.01"]
[EventType "team-tourn"]
[EventRounds "9"]
[EventCountry "ESP"]
[SourceTitle "EXT 2024"]
[Source "ChessBase"]
[SourceDate "2023.10.10"]
[SourceVersion "1"]
[SourceVersionDate "2023.10.10"]
[SourceQuality "1"]
[WhiteTeam "Alcudia"]
[BlackTeam "Agora Megaescacs"]
[WhiteTeamCountry "ESP"]
[BlackTeamCountry "ESP"]

1. e4 b6 2. d4 Bb7 3. Bd3 e6 4. c4 c5 5. d5 exd5 6. cxd5 d6 7. Nc3 Nd7 8. Be3 Be7 9. f4 Bf6 10. Nf3 a6 11. 0-0 Rc8 12. a4 Ne7 13. Qe2 Bxc3 14. bxc3 a5 15. Ng5 h6 16. Qh5 g6 17. Qh3 Ng8 18. Bb5 Rc7 19. f5 gxf5 20. Rxf5 Ngf6 21. Raf1 Ke7 22. Bxd7 hxg5 23. Rxf6 Rf8 24. Bb5 1-0